Epistemología y socialismo : la crítica de Sánchez Vázquez a Louis Althusser /

González Rojo se preocupa en este texto por vincular la teoría del conocimiento con la lucha por la creación del socialismo. Para ello analiza la crítica hecha por Sánchez Vázquez en "Ciencia y Revolución" respecto de la obra filosófica de Althusser. Se discuten primero problemas que atañen a la met...

Descripción completa

Guardado en:
Detalles Bibliográficos
Autor principal: González Rojo Arthur, Enrique (autor)
Formato: Libro
Idioma:Español
Publicado: México : Zacatecas, México : Diógenes ; Universidad Autónoma de Zacatecas, 1985
Temas:
Etiquetas: Agrega una etiqueta
Sin etiquetas, Sé el primero en etiquetar este registro!

MARC

LEADER 00000nam^a2200000^a^4500
001 000024914
005 20250521000000.0
009 20260310084630.677
037 |a Acervo ITESO - Biblioteca 
041 |a ESP 
082 |a 146. 3  |b GON 
100 |a González Rojo Arthur, Enrique  |e (autor) 
245 1 0 |a Epistemología y socialismo :  |b la crítica de Sánchez Vázquez a Louis Althusser /  |c E. González Rojo Arthur. 
264 1 |a México :  |b Diógenes ;  |a Zacatecas, México :  |b Universidad Autónoma de Zacatecas,  |c 1985 
300 |a 432 p. 
336 |a texto  |b txt  |2 rdacontenido 
337 |a sin mediación  |b n  |2 rdamedio 
338 |a volumen  |b nc  |2 rdasoporte 
520 |a González Rojo se preocupa en este texto por vincular la teoría del conocimiento con la lucha por la creación del socialismo. Para ello analiza la crítica hecha por Sánchez Vázquez en "Ciencia y Revolución" respecto de la obra filosófica de Althusser. Se discuten primero problemas que atañen a la metodología, al materialismo histórico y al materialismo dialéctico. La segunda parte es esencialmente política, referida a la práctica revolucionaria. 
649 |a XX 
650 |a Epistemología 
650 |a Socialismo 
650 |a Filosofía del Siglo XX 
650 |a Althusser, Louis 
650 |a Sánchez Vázquez, Adolfo 
910 |a Fondo General 
920 |a Impresos - Libros 
930 |a Colección General 
905 |a 101 
901 |a 0249140100  |b IT1  |c ACC  |i 024914  |u 20250521 
902 |a https://opac.biblio.iteso.mx/vufind/Record/000024914